Statistics for U.S. States With A UNESCO World Heritage Site

Click here to take the quiz!

General Stats

  • This quiz has been taken 660 times
    (60 since last reset)
  • The average score is 19 of 22

Answer Stats

UNESCO Site(s)State% Correct
Redwood National and State Parks, The 20th-Century Architecture of Frank Lloyd Wright (Hollyhock House), Yosemite National ParkCalifornia
100%
Everglades National ParkFlorida
100%
Hawaii Volcanoes National Park, PapahānaumokuākeaHawaii
98%
Statue of Liberty, The 20th-Century Architecture of Frank Lloyd Wright (Solomon R. Guggenheim Museum)New York
97%
San Antonio MissionsTexas
97%
Grand Canyon National Park, The 20th-Century Architecture of Frank Lloyd Wright (Taliesin West)Arizona
95%
Mesa Verde National ParkColorado
95%
Monticello and the University of Virginia in CharlottesvilleVirginia
95%
Carlsbad Caverns National Park, Chaco Culture, Taos PuebloNew Mexico
93%
Olympic National ParkWashington
93%
Kluane / Wrangell-St. Elias / Glacier Bay / Tatshenshini-Alsek*Alaska
92%
Yellowstone National ParkWyoming
90%
Waterton Glacier International Peace Park*, Yellowstone National ParkMontana
88%
Yellowstone National ParkIdaho
85%
Great Smoky Mountains National ParkNorth Carolina
83%
Great Smoky Mountains National ParkTennessee
83%
Cahokia Mounds State Historic Site, The 20th-Century Architecture of Frank Lloyd Wright (Frederick C. Robie House, Unity Temple)Illinois
80%
Independence Hall, The 20th-Century Architecture of Frank Lloyd Wright (Fallingwater)Pennsylvania
78%
Mammoth Cave National ParkKentucky
75%
Hopewell Ceremonial EarthworksOhio
64%
Monumental Earthworks of Poverty PointLouisiana
61%
The 20th-Century Architecture of Frank Lloyd Wright (Herbert and Katherine Jacobs House, Taliesin)Wisconsin
53%

Score Distribution

Percentile by Number Answered

Percent of People with Each Score

Your Score History

You have not taken this quiz since the last reset